Normas internacionales de contabilidad (NIIF) : (Registro nro. 21596)
[ vista simple ]
| 000 -Cabecera | |
|---|---|
| Campo de control interno | 01140nam a2200265Ia 4500 |
| 005 - Fecha y hora del registro | |
| control field | 20260420114928.0 |
| 008 - Elementos de Longitud Fija | |
| fixed length control field | 260320s9999||||xx |||||||||||||| ||und|| |
| 020 ## - ISBN | |
| ISBN | 9788497324847 |
| 041 ## - Idioma | |
| Codigo Idioma | ESP |
| 082 ## - DEWEY y NOTACIÓN INTERNA | |
| Dewey | 657.61 |
| Notación Interna | M19 |
| 100 ## - AUTOR | |
| Autor denominación | Mallo, Carlos, |
| Término de relación | autor |
| 245 #0 - TÍTULO DE MATERIAL BIBLIOGRÁFICO | |
| Título | Normas internacionales de contabilidad (NIIF) : |
| Título paralelo | las normas internacionales de información financiera |
| 250 ## - EDICIÓN | |
| Edición | Segunda edición |
| 260 ## - CIUDAD, EDITORIAL, AÑO | |
| Ciudad | [Lugar de publicación no identificado] : |
| Nombre de la Editorial | Thomson, |
| Año | 2006 |
| 300 ## - DESCRIPCIÓN | |
| N° Páginas | xv, 375 páginas : |
| Otros detalles | cuadros, figuras ; |
| Dimensiones | 24 cm. |
| 505 ## - TABLA DE CONTENIDO | |
| Tabla de Contenido | Datos extraídos de la cubierta |
| 650 ## - TEMAS | |
| Temas | Tecnología (Ciencias Aplicadas) |
| 653 ## - DESCRIPTORES | |
| Lenguajes no controlado | Contabilidad; Normas Internacionales (NIIF) |
| 654 ## - PROGRAMAS | |
| Programa | Dpto. de Contabilidad |
| 700 ## - OTROS AUTORES | |
| Otros autores | Pulido, Antonio, |
| Títulos y otras palabras asociadas con el nombre | autor |
| 856 ## - URL - UBICACIÓN | |
| URI/URL: Enlace exacto del recurso | <a href="https://0u213x74l-y-https-ebooks7--24-com.itmsp.museknowledge.com/visorBook.aspx?i=46821&t=C8B1BC01-8914-4164-A026-EEA1F57E2020">https://0u213x74l-y-https-ebooks7--24-com.itmsp.museknowledge.com/visorBook.aspx?i=46821&t=C8B1BC01-8914-4164-A026-EEA1F57E2020</a> |
| Nota pública: Versión digital | <a href="Véase además: NIIF esenciales, por Ramiro Gamboa Suárez. Versión digital">Véase además: NIIF esenciales, por Ramiro Gamboa Suárez. Versión digital</a> |
| 856 ## - URL - UBICACIÓN | |
| URI/URL: Enlace exacto del recurso | <a href="https://0u213x74l-y-https-ebooks7--24-com.itmsp.museknowledge.com/biblioteca.aspx">https://0u213x74l-y-https-ebooks7--24-com.itmsp.museknowledge.com/biblioteca.aspx</a> |
| Nota pública: Versión digital | <a href="Véase además: Base de datos Ebook7-24">Véase además: Base de datos Ebook7-24</a> |
| 942 ## - ELEMENTOS DE KOHA | |
| Tipo de documento | Libro |
| Nombre del creador | Justo Noguera |
| Código de catalogador | Tania Ramirez |
| Esquema de clasificación | Dewey Decimal Classification |
| Codigo completo | Registro | Colección | Copia número | Disponibilidad | Tipo de préstamo | Biblioteca Actual | Procedencia (Biblioteca) | Ubicacón | Fecha Ingreso | Tipo de Adquisición | Observación | Date last seen | Total checkouts | Price effective from | Tipo de Item | Estado del Material | Fuente de Clasificación | Damaged status | Withdrawn status |
|---|---|---|---|---|---|---|---|---|---|---|---|---|---|---|---|---|---|---|---|
| 657.61 M19 | 1084842 | Universidad Católica San Pablo | 1 | Disponible | Disponible | Víctor Andrés Belaunde | Víctor Andrés Belaunde | Planta baja cerrada | 10/03/2026 | Compra | Administración de Negocios | 20/03/2026 | 20/03/2026 | Libro | Bueno | Dewey Decimal Classification |




